Etude de l'orobanche de la fève (notice nᵒ 17588)
[ vue normale ]
| 005 - DATE/HEURE DE LA DERNIERE TRANSACTION | |
|---|---|
| control field | 20170510055215.0 |
| 037 ## - SOURCE D'ACQUISITION | |
| Cote | IA 1394 06/A-B-C-D |
| 040 ## - SOURCE DU CATALOGAGE | |
| Origine catalogage | BC-ENSA |
| Langue du catalogage | fre |
| 041 ## - CODE DE LANGUE | |
| Langue | Français |
| 041 ## - CODE DE LANGUE | |
| Langue | Français |
| 100 ## - VEDETTE PRINCIPALE - AUTEUR PRINCIPAL | |
| Auteur | TEBBAKH, Hassina |
| 245 ## - MENTION DU TITRE | |
| Titre | Etude de l'orobanche de la fève |
| Complément de titre | essai de méthodes de lutte |
| Mention de responsabilité | Hassina Tebbakh |
| 260 ## - PUBLICATION, DIFFUSION, ETC. (ADRESSE BIBLIOGRAPHIQUE) | |
| Année d'édition | 2003 |
| 300 ## - DESCRIPTION MATÉRIELLE | |
| Illustration | ill., 9 graph., 26 tabl., 43 réf. |
| Nombre de pages | 69 p. |
| 300 ## - DESCRIPTION MATÉRIELLE | |
| Format | 30 cm |
| 541 ## - NOTE SUR LA SOURCE IMMÉDIATE D'ACQUISITION | |
| Méthode d'acquisition | Production Locale |
| 562 ## - NOTE D'IDENTIFICATION DES EXEMPLAIRES ET VERSIONS | |
| Nombre d'exemplaire | 4 exemplaires |
| 700 ## - DIRECTEUR DE THÈSE | |
| NOM et Prenom | BOUZNAD, Z. |
| Fonction | Directeur de Thèse |
| 942 ## - ADDED ENTRY ELEMENTS (KOHA) | |
| Type document | Thèse - Mémoire |
| 500 ## - NOTE GÉNÉRALE | |
| Notes | C et D versés en Botanique |
| 502 ## - NOTE DE THESE | |
| Notes thèse | Mém.-ing. : Agron. |
| Niveau | Ingénieur |
| Université | INA : département de Botanique |
| Lieu de soutenance | El Harrach |
| 653 ## - DESCRIPTEUR LIBRE | |
| Mots clés libres | OROBANCHE/FEVE/METHODE DE LUTTE/MATERIEL/METHODE/TAXONOMIE/BOTANIQUE/BIOLOGIE/PARASITISME/PLANTE |
| statut de retrait | Statut | Emplacement permanent | Localisation actuelle | Cote | Code à barre | Koha item type |
|---|---|---|---|---|---|---|
| Bibliothèque Centrale | Bibliothèque Centrale | IA 1394 06/A | IA 1394 06/A | Thèse - Mémoire | ||
| Bibliothèque Centrale | Bibliothèque Centrale | IA 1394 06/B | IA 1394 06/B | Thèse - Mémoire | ||
| Département de Botanique | Département de Botanique | BO_TH 536/A | BO_TH 536/A | Thèse - Mémoire | ||
| Département de Botanique | Département de Botanique | BO_TH 536/B | BO_TH 536/B | Thèse - Mémoire |